LEADER 01634nam a2200325 u 4500 001 000000033817 003 CaOOAMICUS 005 20070226112414.0 008 971112s1968 fr u000 u fre u 035 $a10776092 040 $aPUL(R)$bita 041 1 $afre$alat 100 0 $aGertrudis,$cs.,$d1256-c. 1302.$0(OLS)http://pul/name/13976 240 10$aExercitia spiritualia$9(Gertrudis, s., 1256-c.1302).$lFrancese e latino$0Liber 2.$0(OLS)http://pul/title/46541 245 10$aOeuvres spirituelles.$nTome II,$pLe héraut (Livres I et II) /$cGertrude d'Helfta ; introduction, texte critique, traduction et notes par [m.] Pierre Doyère .. 246 30$aHéraut (Livres I et II) 260 $aParis :$bCerf,$c1968. 300 $a353 p. ;$c20 cm 490 1 $aSources chrétiennes ; 139. Séries des textes monastiques d'Occident ;$v25 600 04$aGertrudis,$cs.,$d1256-c. 1302.$0(OLS)http://pul/subject/10608 700 1 $aDoyère, Pierre.$0(OLS)http://pul/name/26253 830 0$aSources chrétiennes.$pSérie des textes monastiques d'Occident ;$v48.$0(OLS)http://pul/title/2596 830 0$aSources chrétiennes ;$v255.$0(OLS)http://pul/title/45 850 $aPUL 852 $aPUL$W1$xSL Religione 2$y84$mTheol E3 139$j46397$nBK-PRI$b $qStampati altre collocazioni$B46397$CPULBib$Z2$F46397 $H $81 941 1 $a10 961 $aINV: 29665 996 $6245$aOeuvres spirituelles.$nTome II,$pLe héraut (Livres I et II)$9(OLS)http://pul/title/46542 996 $6246$aHéraut (Livres I et II)$9(OLS)http://pul/title/46543 996 $6260$aParis :$bCerf$9(OLS)http://pul/publisher/48238 LEADER 01411nam a2200337 u 4500 001 000000032585 003 CaOOAMICUS 005 20250325111410.0 008 971021s1992 it adf u000 u ita u 020 $a8837214685 035 $a10773588 040 $aPUL(R)$bita 041 1 $aita$hfre 100 1 $aCottret, Bernard,$d1951-2020.$0(OLS)http://pul/name/25652 245 13$aIl Cristo dei lumi :$bGesù da Newton a Voltaire (1660-1760) /$cBernard Cottret. 260 $aBrescia :$bMorcelliana,$cc1992. 300 $a222 p., [8] p. di tav. :$bill., diagr. ;$c22 cm 490 1 $aGesù dopo Gesù 830 0$aGesù dopo Gesù.$0(OLS)http://pul/title/44927 850 $aPUL 852 $aPUL$W1$xSL Religione 1$y3$m9 D 64$j44887$nBK-PRI$b $qStampati$B44887$CPULBib$Z2$F44887 $81 852 $aPUL$W1$xDP1 Fondo Giannini$y60$m1559 D 23$j44888$nBK-PRI$b $qFondi$B44888$CPULBib$Z2$F44888 $81 852 $aPUL$W1$xDP1 Fondo Bordoni$y120$m3 J 18$j167124$qFondi$B176108$CPULBib$Z2$F176108 $HBor132 $81 941 1 $a1 941 1 $a8 961 $aINV: 69958 961 $aINV: F;: Giannini 996 $6020$a8837214685$9(OLS)http://pul/number/40908 996 $6245$aIl Cristo dei lumi :$bGesù da Newton a Voltaire (1660-1760)$9(OLS)http://pul/title/44926 996 $6260$aBrescia :$bMorcelliana$9(OLS)http://pul/publisher/47854